00581nam a2200169Ia 4500008004100000082002300041100001500064245004000079260004800119365000600167530001200173630004000185730004000225942000900265999001900274952011800293100415s9999 xx 000 0 und d b19786a634.9(5482) aAnnamali,R aJoint Forest Management In Tamil... aCHENNAIc2000bTamil Nadu Forest Department b0 bDonated aJoint Forest Management In Tamil... aJoint Forest Management In Tamil... cBOOK c602683d602680 00104070aBNHSbBNHSd2001-05-14g0.00l0o634.9(5482) 19786pBNHS-19786r2010-04-15 00:00:00w2010-04-15yBOOK